00580nam a2200205 a 4500001001300000003000900013005001700022008004100039020001300080082001900093100002000112245005400132260005000186300000900236500003500245505002400280650001900304650003100323700002000354nice12345678IN_TiNIC20260116011253.0050524s1967 cama grp 000 0 eng  ac3859.200a266.00954bPOT aPotts, E Daniel aBritish Baptist Missionaries in India, 1793-1837. aCambridge bCambridge University Press c1967 a276p aincludes index and biblioraphy2 aBibliography, Index aMissions-India aSeminaries-India-serampore1 aPotts, E Daniel